000 00343nam a2200145 i 4500
001 bg
100 1 _aPESTOW, E. G.
245 0 _aKwantowaja elektronika /
_cE.G. Pestow, G.M. Lapszin.
260 _aMoskwa,
_c1972.
700 1 _aLAPSZIN, G. M.
040 _cBPK
041 _apol
942 _cKS
008 s pl f |000 0 pol
999 _c14550
_d14550
856 _uhttp://koha.tu.koszalin.pl/cgi-bin/koha/opac-detail.pl?biblionumber=14550
_yKatalog online BPK